Marvel Clues - Statistics

General Stats
  • This quiz has been taken 29 times
  • The average score is 10 of 15
Answer Stats
Hint Answer % Correct
Wakanda, Uranium, Shuri Black Panther
100%
Mjolnir, Odin, Frost Giants Thor
86%
Billionaire, Playboy, Thilanthropist Iron Man
83%
Web, Ben, Green Goblin Spider-Man
83%
Orb, Collector, Xandar Guardians Of The Galaxy
79%
Vers, Skrull, Goose Captain Marvel
72%
Neurosurgeon, Ancient One, Wong Doctor Strange
72%
Angry, Abomination, Green The Incredible Hulk
72%
Brooklyn, Super-Serum, Soldier Captain America: The First Avenger
69%
Symbiote, Journalist, Parasite Venom
69%
Mutant, Claws, Telepath X-Men
69%
Vormir, Stormbreaker, Inevitable Avengers: Infinity War
62%
Francis, Vanessa, Blind Al Deadpool
55%
Thing, Doom, Torch Fantastic 4
45%
Ta Lo, Dark Gate, Morris Shang-Chi And The Legend Of The Ten Rings
17%
No matching quizzes found
Score Distribution
Percent of People with Each Score
Percentile by Number Answered
Your Score History
You have not taken this quiz